[Event "Madrid-chT 1314"]
[Site "Madrid"]
[Date "2013.11.30"]
[Round "3.13"]
[White "Salcedo Tornero, Pablo"]
[Black "Martin Duque, Jesus"]
[Result "1/2-1/2"]
[WhiteElo "2130"]
[BlackElo "2233"]
[PlyCount "63"]
[EventDate "2013.11.16"]
[EventType "team-tourn"]
[EventRounds "14"]
[EventCountry "ESP"]
[SourceTitle "EXT 2015"]
[Source "ChessBase"]
[SourceDate "2014.11.20"]
[SourceVersion "1"]
[SourceVersionDate "2014.11.20"]
[SourceQuality "1"]
[WhiteTeam "San Fernando de Henares"]
[BlackTeam "Vallecas CDV"]
[WhiteTeamCountry "ESP"]
[BlackTeamCountry "ESP"]

1. e4 e6 2. d3 d5 3. Nd2 Nf6 4. Ngf3 c5 5. g3 Nc6 6. Bg2 Be7 7. 0-0 0-0 8. Re1 b5 9. e5 Nd7 10. Nf1 a5 11. h4 b4 12. N1h2 a4 13. Bg5 Ba6 14. Qd2 Rc8 15. Ng4 Nd4 16. c3 bxc3 17. bxc3 Nb5 18. Rac1 Nb6 19. Qf4 Kh8 20. Bf6 Nc7 21. Qg5 gxf6 22. exf6 Bxf6 23. Nxf6 Ne8 24. Nxh7 Kxh7 25. Qh5+ Kg7 26. Qg4+ Kh8 27. Re5 Nf6 28. Rh5+ Nxh5 29. Qxh5+ Kg7 30. Qg4+ Kh8 31. Qh5+ Kg7 32. Qg4+ 1/2-1/2

[Event "Madrid-chT Honor"]
[Site "Madrid"]
[Date "2010.02.28"]
[Round "12"]
[White "Salcedo Tornero, Pablo"]
[Black "Rojo Huerta, Gabriel"]
[Result "0-1"]
[WhiteElo "2184"]
[BlackElo "2374"]
[PlyCount "72"]
[EventDate "2009.11.22"]
[EventType "team-tourn"]
[EventRounds "13"]
[EventCountry "ESP"]
[SourceTitle "EXT 2011"]
[Source "ChessBase"]
[SourceDate "2010.11.26"]
[SourceVersion "1"]
[SourceVersionDate "2010.11.26"]
[SourceQuality "1"]

1. e4 c5 2. Nc3 Nc6 3. g3 g6 4. Bg2 Bg7 5. d3 d6 6. f4 e6 7. Nf3 Nge7 8. 0-0 0-0 9. g4 f5 10. gxf5 exf5 11. Be3 b6 12. Qe1 Bb7 13. Qh4 Qd7 14. Rae1 Rae8 15. Ng5 h6 16. Nf3 Nd4 17. Bxd4 cxd4 18. Nb1 Qc7 19. Na3 Qc5 20. Nd2 b5 21. Nb3 Qb6 22. Qf2 Kh7 23. Qd2 fxe4 24. Bxe4 Bxe4 25. Rxe4 d5 26. Re2 Nf5 27. Rxe8 Rxe8 28. Qa5 Qe6 29. Qd2 Ne3 30. Rf2 Qg4+ 31. Kh1 Nd1 32. Rg2 Qf3 33. Kg1 Ne3 34. Rf2 Qg4+ 35. Kh1 b4 36. Nb5 Nxc2 0-1

[Event "Madrid-ch sf-A"]
[Site "Madrid"]
[Date "2010.01.27"]
[Round "9"]
[White "Salcedo Tornero, Pablo"]
[Black "Fuentes Arjona, Antonio C"]
[Result "1-0"]
[WhiteElo "2201"]
[BlackElo "2041"]
[PlyCount "99"]
[EventDate "2010.01.11"]
[EventType "swiss"]
[EventRounds "9"]
[EventCountry "ESP"]
[SourceTitle "CBM 134 Extra"]
[Source "ChessBase"]
[SourceDate "2010.03.03"]
[SourceVersion "1"]
[SourceVersionDate "2010.03.03"]
[SourceQuality "1"]

1. e4 c5 2. Nc3 Nc6 3. g3 g6 4. Bg2 Bg7 5. d3 d6 6. Be3 Rb8 7. Qd2 Bd7 8. f4 Nf6 9. h3 b5 10. Nf3 b4 11. Ne2 c4 12. e5 Nd5 13. d4 c3 14. bxc3 bxc3 15. Nxc3 Nxe3 16. Qxe3 0-0 17. 0-0 Nb4 18. Rfc1 Qa5 19. a3 Na6 20. Nd2 dxe5 21. dxe5 Be6 22. Nce4 Rfc8 23. Qxa7 Rc7 24. Qe3 Rbc8 25. Nb3 Qa4 26. Nd4 Bd5 27. Rd1 Bxe4 28. Bxe4 Rc3 29. Rd3 R3c4 30. Bd5 R4c5 31. Bb3 Qa5 32. Rad1 e6 33. Qd2 Qb6 34. Kg2 Nc7 35. Qb4 Qa7 36. c4 Bf8 37. Qa4 Qb7+ 38. Nf3 Ra8 39. Qb4 Qe4 40. Qd2 Rxa3 41. Kh2 h6 42. h4 Qb7 43. Nd4 Kg7 44. h5 Qe4 45. Re3 Qb7 46. hxg6 fxg6 47. Rd3 Ra6 48. Nb5 Rac6 49. Rd7+ Kg8 50. Qd3 1-0

[Event "Madrid-chT Honor"]
[Site "Madrid"]
[Date "2009.12.13"]
[Round "3"]
[White "Salcedo Tornero, Pablo"]
[Black "Rabadan Velasco, Raul"]
[Result "0-1"]
[WhiteElo "2184"]
[BlackElo "2334"]
[PlyCount "136"]
[EventDate "2009.11.22"]
[EventType "team-tourn"]
[EventRounds "13"]
[EventCountry "ESP"]
[SourceTitle "EXT 2011"]
[Source "ChessBase"]
[SourceDate "2010.11.26"]
[SourceVersion "1"]
[SourceVersionDate "2010.11.26"]
[SourceQuality "1"]

1. g3 e5 2. Bg2 Nc6 3. d3 Bc5 4. Nf3 d6 5. Nc3 a6 6. a3 Nge7 7. e3 Bg4 8. h3 Bd7 9. b4 Ba7 10. Bb2 Qc8 11. Ng5 h6 12. Nf3 f5 13. Qe2 0-0 14. Nd2 Be6 15. f4 Qe8 16. 0-0-0 Qf7 17. Nf3 exf4 18. gxf4 Rae8 19. Rde1 Nd5 20. Qd2 Nxc3 21. Qxc3 Bd7 22. d4 Re7 23. Bf1 b5 24. Rg1 Qd5 25. Nd2 Bxd4 26. Bg2 Qxg2 27. exd4 Rxe1+ 28. Rxe1 Qd5 29. Nf1 Qc4 30. Qxc4+ bxc4 31. d5 Nb8 32. Ne3 Bb5 33. Rg1 Rf7 34. Kd2 Nd7 35. Kc3 Nb6 36. Kd4 Kh7 37. c3 g6 38. Re1 Re7 39. Ng2 Rxe1 40. Nxe1 g5 41. Ng2 Kg6 42. Ne3 gxf4 43. Ng2 f3 44. Nh4+ Kh5 45. Nxf3 Be8 46. Nd2 Bf7 47. Nxc4 Nxd5 48. Bc1 Nf6 49. Ne3 f4 50. Ng2 f3 51. Nf4+ Kh4 52. Be3 Kg3 53. Nd3 h5 54. Bf4+ Kxh3 55. Ke3 Ng4+ 56. Kxf3 Bd5+ 57. Ke2 Bc4 58. Kd2 Bxd3 59. Kxd3 Nf2+ 60. Ke2 Kg2 61. a4 Ne4 62. Kd3 Kf3 63. Be3 c6 64. Bg1 h4 65. c4 h3 66. Bh2 Kg2 67. Kxe4 Kxh2 68. b5 Kg3 0-1

[Event "Madrid San Viator op 13th"]
[Site "Madrid"]
[Date "2009.11.21"]
[Round "9"]
[White "Salcedo Tornero, Pablo"]
[Black "Cabanas Bravo, Juan Andres"]
[Result "1-0"]
[WhiteElo "2181"]
[BlackElo "2099"]
[PlyCount "79"]
[EventDate "2009.09.27"]
[EventType "swiss"]
[EventRounds "9"]
[EventCountry "ESP"]
[SourceTitle "EXT 2010"]
[Source "ChessBase"]
[SourceDate "2010.11.25"]
[SourceVersion "1"]
[SourceVersionDate "2010.11.25"]
[SourceQuality "1"]

1. g3 Nf6 2. Bg2 d5 3. d3 g6 4. Nd2 Bg7 5. e3 c5 6. Ne2 Nc6 7. 0-0 0-0 8. h3 Qc7 9. a3 h5 10. f4 Rd8 11. Nf3 c4 12. Bd2 cxd3 13. cxd3 Qb6 14. Ra2 Bf5 15. Nc1 a5 16. Nh4 Bd7 17. b3 e6 18. Nf3 Ne7 19. Kh2 Nf5 20. Qe1 Bc6 21. Ne5 a4 22. b4 Bb5 23. g4 Ne7 24. Bc3 Rac8 25. Bd4 Qc7 26. Qh4 b6 27. Bf3 hxg4 28. hxg4 Qb8 29. Kg3 Rc7 30. Rh2 g5 31. Qxg5 Ne8 32. Rfh1 Kf8 33. Rh8+ Ng8 34. R8h7 f6 35. Ng6+ Kf7 36. Qh5 Rxc1 37. Rxc1 e5 38. Nxe5+ Ke6 39. Qf7+ Kd6 40. Qxd5+ 1-0

[Event "Madrid San Viator op 13th"]
[Site "Madrid"]
[Date "2009.10.04"]
[Round "2"]
[White "Sanz Morinigo, Francisco Javier"]
[Black "Salcedo Tornero, Pablo"]
[Result "0-1"]
[WhiteElo "1736"]
[BlackElo "2181"]
[PlyCount "34"]
[EventDate "2009.09.27"]
[EventType "swiss"]
[EventRounds "9"]
[EventCountry "ESP"]
[SourceTitle "EXT 2010"]
[Source "ChessBase"]
[SourceDate "2010.11.25"]
[SourceVersion "1"]
[SourceVersionDate "2010.11.25"]
[SourceQuality "1"]

1. e4 d6 2. d4 Nf6 3. Nc3 g6 4. f4 Bg7 5. Nf3 c5 6. Bb5+ Bd7 7. Bxd7+ Nfxd7 8. 0-0 cxd4 9. Nxd4 0-0 10. Be3 Nb6 11. f5 Nc4 12. Bf2 Nc6 13. Nd5 Nxb2 14. Nxc6 bxc6 15. Nxe7+ Qxe7 16. Qf3 Be5 17. fxg6 fxg6 0-1

[Event "Galapagar op 10th"]
[Site "Galapagar"]
[Date "2009.07.24"]
[Round "7"]
[White "Sanchez Delgado, Lidia"]
[Black "Salcedo Tornero, Pablo"]
[Result "1/2-1/2"]
[WhiteElo "2006"]
[BlackElo "2163"]
[PlyCount "69"]
[EventDate "2009.07.18"]
[EventType "swiss"]
[EventRounds "9"]
[EventCountry "ESP"]
[SourceTitle "EXT 2010"]
[Source "ChessBase"]
[SourceDate "2010.11.25"]
[SourceVersion "1"]
[SourceVersionDate "2010.11.25"]
[SourceQuality "1"]

1. e4 d6 2. d4 Nf6 3. Nc3 g6 4. f3 Bg7 5. Be3 c6 6. Qd2 b5 7. h4 h5 8. a4 b4 9. Nd1 a5 10. Nh3 Na6 11. Ndf2 Qc7 12. Ng5 Bd7 13. Bc4 d5 14. Bb3 e6 15. e5 Ng8 16. Nd3 Nh6 17. Bf2 Bc8 18. Qf4 Bb7 19. g4 0-0-0 20. 0-0-0 Qe7 21. Rde1 Rdf8 22. Qg3 Ng8 23. Nf4 Nc7 24. Kb1 Ba6 25. gxh5 gxh5 26. Ngh3 Ne8 27. Rhg1 Nh6 28. Nxh5 Nf5 29. Qg4 Bh6 30. Ng5 Rfg8 31. f4 Bf8 32. Rh1 Rg6 33. Ng3 Neg7 34. Nxf5 Nxf5 35. Rh3 1/2-1/2

[Event "Galapagar op 10th"]
[Site "Galapagar"]
[Date "2009.07.23"]
[Round "6"]
[White "Salcedo Tornero, Pablo"]
[Black "Moreno Ruiz, Javier"]
[Result "0-1"]
[WhiteElo "2163"]
[BlackElo "2418"]
[PlyCount "70"]
[EventDate "2009.07.18"]
[EventType "swiss"]
[EventRounds "9"]
[EventCountry "ESP"]
[SourceTitle "EXT 2010"]
[Source "ChessBase"]
[SourceDate "2010.11.25"]
[SourceVersion "1"]
[SourceVersionDate "2010.11.25"]
[SourceQuality "1"]

1. g3 c5 2. Bg2 Nc6 3. d3 g6 4. e4 Bg7 5. Nf3 d6 6. 0-0 e5 7. Nbd2 Nge7 8. a4 0-0 9. Nc4 h6 10. Kh1 f5 11. Ng1 Be6 12. f3 d5 13. exd5 Nxd5 14. Ne2 Ndb4 15. Na3 Qd7 16. Nc3 Rad8 17. Be3 Nd4 18. Ncb5 a6 19. Nxd4 exd4 20. Bd2 Qxa4 21. b3 Qd7 22. Nc4 b5 23. Nb2 Ra8 24. Re1 Bd5 25. Bxb4 cxb4 26. Qd2 a5 27. f4 Qc6 28. Nd1 Bxg2+ 29. Qxg2 Qxg2+ 30. Kxg2 Rfc8 31. Re2 Kf7 32. Kf2 a4 33. bxa4 bxa4 34. Nb2 a3 35. Nc4 Rxc4 0-1

[Event "Madrid-ch sf-A"]
[Site "Madrid"]
[Date "2009.01.12"]
[Round "1"]
[White "Salcedo Tornero, Pablo"]
[Black "Fernandez Aransay, Fernando"]
[Result "1-0"]
[WhiteElo "2158"]
[BlackElo "1956"]
[PlyCount "91"]
[EventDate "2009.01.12"]
[EventType "swiss"]
[EventRounds "9"]
[EventCountry "ESP"]
[SourceTitle "CBM 128 Extra"]
[Source "ChessBase"]
[SourceDate "2009.03.05"]
[SourceVersion "2"]
[SourceVersionDate "2009.03.25"]
[SourceQuality "1"]

1. e4 c6 2. d4 d5 3. Nd2 dxe4 4. Nxe4 Nd7 5. Ng5 Ngf6 6. Bd3 e6 7. N1f3 h6 8. Ne4 Nxe4 9. Bxe4 Nf6 10. Bd3 Bd6 11. Qe2 Qc7 12. 0-0 0-0 13. c3 b6 14. Ne5 Bb7 15. Bf4 Rad8 16. Rad1 c5 17. dxc5 Qxc5 18. Bc2 Qc7 19. Rfe1 Rfe8 20. Bg3 a6 21. a4 Nd7 22. Nxd7 Rxd7 23. Qd3 Red8 24. Qh7+ Kf8 25. Qh8+ Ke7 26. Qxg7 Bxg3 27. hxg3 Rxd1 28. Rxd1 Rxd1+ 29. Bxd1 Qc6 30. Bf3 Qxa4 31. Bh5 Qe4 32. Qxf7+ Kd8 33. f3 Qe3+ 34. Kh2 Bd5 35. Qe8+ Kc7 36. Qe7+ Kc8 37. Be8 Qc5 38. Qxc5+ bxc5 39. Kh3 Kd8 40. Bg6 e5 41. Kh4 Ke7 42. Kh5 Kf8 43. Kxh6 Kg8 44. Be4 Bf7 45. Kg5 Kg7 46. Kf5 1-0

[Event "Parla 25 Jubilee op"]
[Site "Parla"]
[Date "2008.09.06"]
[Round "1"]
[White "Salcedo Tornero, Pablo"]
[Black "Martinez Miura, Enrique"]
[Result "1-0"]
[WhiteElo "2157"]
[BlackElo "1778"]
[PlyCount "75"]
[EventDate "2008.09.06"]
[EventType "swiss"]
[EventRounds "9"]
[EventCountry "ESP"]
[SourceTitle "CBM 126 Extra"]
[Source "ChessBase"]
[SourceDate "2008.11.05"]
[SourceVersion "1"]
[SourceVersionDate "2008.11.05"]
[SourceQuality "1"]

1. e4 e6 2. f4 d5 3. e5 c5 4. Nf3 Nc6 5. d3 Bd7 6. Be3 Qb6 7. Qc1 Rc8 8. Na3 a6 9. c3 Qa5 10. Be2 b5 11. Nc2 Be7 12. 0-0 f6 13. d4 cxd4 14. Ncxd4 f5 15. Nxc6 Rxc6 16. Nd4 Rc8 17. g4 Nh6 18. gxf5 Nxf5 19. Nxf5 exf5 20. Bf3 Be6 21. Qd2 Rd8 22. Qf2 Qa4 23. Bb6 Rc8 24. Qg2 Qc4 25. Rad1 Bc5+ 26. Bxc5 Qxc5+ 27. Kh1 0-0 28. Bxd5 Bxd5 29. Qxd5+ Kh8 30. Qxc5 Rxc5 31. h4 h6 32. h5 Rc6 33. Rg1 Re8 34. Rd7 Rg8 35. Rf7 b4 36. cxb4 Rc2 37. Rg2 Rc1+ 38. Kh2 1-0

[Event "Madrid San Viator 6th"]
[Site "Madrid"]
[Date "2006.10.12"]
[Round "3.4"]
[White "Vazquez Torres, Adrian"]
[Black "Salcedo Tornero, Pablo"]
[Result "0-1"]
[WhiteElo "1662"]
[BlackElo "2189"]
[PlyCount "84"]
[EventDate "2006.10.01"]
[EventType "swiss"]
[EventRounds "9"]
[EventCountry "ESP"]
[SourceTitle "EXT 2024"]
[Source "ChessBase"]
[SourceDate "2023.10.10"]
[SourceVersion "1"]
[SourceVersionDate "2023.10.10"]
[SourceQuality "1"]

1. e4 d6 2. d4 Nf6 3. Nc3 g6 4. Nf3 Bg7 5. Be2 0-0 6. 0-0 Bg4 7. h3 Bxf3 8. Bxf3 e5 9. dxe5 dxe5 10. Bg5 c6 11. Bg4 Qc7 12. Qf3 Nxg4 13. Qxg4 Na6 14. Rad1 Nc5 15. Rd2 h5 16. Qh4 f6 17. Be3 Ne6 18. g4 hxg4 19. Qxg4 Kf7 20. Kh1 Rfd8 21. Rg1 Nf8 22. Rxd8 Rxd8 23. Bc5 Qd7 24. Qg3 g5 25. h4 Ne6 26. Be3 Rh8 27. Rd1 Nd4 28. Ne2 Rxh4+ 29. Kg2 Rg4 30. c3 c5 31. f3 Rxg3+ 32. Nxg3 Qa4 33. Rd2 Ne6 34. Nf5 Bf8 35. b3 Qc6 36. Kg3 Qb5 37. Rh2 Kg8 38. Rd2 Qf1 39. Rf2 Qe1 40. Bd2 Qa1 41. Be3 Qxc3 42. Rd2 Nd4 0-1

[Event "Madrid-ch sf-B"]
[Site "Madrid"]
[Date "2004.??.??"]
[Round "9"]
[White "Nunez Garcia, Alberto"]
[Black "Salcedo Tornero, Pablo"]
[Result "1/2-1/2"]
[WhiteElo "2205"]
[BlackElo "2160"]
[PlyCount "86"]
[EventDate "2004.01.08"]
[EventType "swiss"]
[EventRounds "9"]
[EventCountry "ESP"]
[SourceTitle "EXT 2005"]
[Source "ChessBase"]
[SourceDate "2004.11.15"]
[SourceVersion "1"]
[SourceVersionDate "2004.11.15"]
[SourceQuality "1"]

1. e4 d6 2. d4 Nf6 3. Nc3 g6 4. f4 Bg7 5. Nf3 0-0 6. Bd3 Nc6 7. 0-0 e5 8. fxe5 dxe5 9. d5 Nd4 10. Nxe5 Nxe4 11. Bxe4 Bxe5 12. Bf4 Bg7 13. Qd2 Nf5 14. Rad1 Bd7 15. Bxf5 Bxf5 16. Nb5 c6 17. Nd6 Bd7 18. Kh1 cxd5 19. Bg5 Qb6 20. Be7 Be6 21. c4 dxc4 22. Bxf8 Rxf8 23. Ne4 Qxb2 24. Qa5 c3 25. Rb1 Qxa2 26. Qxa2 Bxa2 27. Rxb7 Bd5 28. Re7 c2 29. Rc1 Rc8 30. Nd6 Rb8 31. Re8+ Rxe8 32. Nxe8 Bb3 33. Nxg7 Kxg7 34. Kg1 Kf6 35. Kf2 Ke5 36. Ke3 a5 37. Kd3 a4 38. Re1+ Kd5 39. Kc3 Kc5 40. Re5+ Kd6 41. Re1 Bd5 42. g4 Be6 43. g5 Bf5 1/2-1/2

[Event "Madrid-ch sf-B"]
[Site "Madrid"]
[Date "2004.??.??"]
[Round "8"]
[White "Salcedo Tornero, Pablo"]
[Black "Garcia Ruiz, Fuentes Aitor"]
[Result "1-0"]
[WhiteElo "2160"]
[BlackElo "2065"]
[PlyCount "87"]
[EventDate "2004.01.08"]
[EventType "swiss"]
[EventRounds "9"]
[EventCountry "ESP"]
[SourceTitle "EXT 2005"]
[Source "ChessBase"]
[SourceDate "2004.11.15"]
[SourceVersion "1"]
[SourceVersionDate "2004.11.15"]
[SourceQuality "1"]

1. e4 c5 2. Nc3 d6 3. g3 g6 4. Bg2 Bg7 5. d3 Nc6 6. Be3 Rb8 7. Qd2 b5 8. Nge2 b4 9. Nd1 a5 10. 0-0 e6 11. Kh1 h5 12. h3 Nge7 13. Rb1 Nd4 14. Ng1 a4 15. Bg5 Ba6 16. Nf3 Nxf3 17. Bxf3 c4 18. Re1 b3 19. axb3 cxb3 20. c4 Bb7 21. Ra1 Ra8 22. Qb4 Qd7 23. Nc3 Nc6 24. Qa3 Nd4 25. Bd1 Bc6 26. Be3 0-0 27. Ne2 Nf3 28. Rf1 f5 29. Nf4 fxe4 30. Bxf3 exf3 31. Nxg6 e5 32. Kh2 Rf6 33. Nh4 Qe6 34. Rh1 Bd7 35. Kg1 e4 36. Bd4 Rf7 37. Bxg7 Rxg7 38. dxe4 Qxe4 39. Qxd6 Bc6 40. Kh2 Rd7 41. Qh6 Rc8 42. Rae1 Qd4 43. Rhf1 Be4 44. Qe6+ 1-0

[Event "Colmenar Viejo op 17th"]
[Site "Madrid"]
[Date "2002.08.05"]
[Round "4"]
[White "Ballesteros Gonzalez, David"]
[Black "Salcedo Tornero, Pablo"]
[Result "1-0"]
[WhiteElo "2256"]
[BlackElo "2176"]
[PlyCount "99"]
[EventDate "2002.08.02"]
[EventType "swiss"]
[EventRounds "9"]
[EventCountry "ESP"]
[SourceTitle "CBM 089 Extra"]
[Source "ChessBase"]
[SourceDate "2002.09.10"]
[SourceVersion "2"]
[SourceVersionDate "2002.09.10"]
[SourceQuality "1"]

1. e4 d6 2. d4 Nf6 3. Nc3 g6 4. Nf3 Bg7 5. Be2 0-0 6. 0-0 c6 7. h3 Nbd7 8. e5 Ne8 9. Bc4 Nc7 10. Bf4 dxe5 11. dxe5 Nb6 12. Bb3 Be6 13. Qe2 Bxb3 14. axb3 Nbd5 15. Nxd5 Nxd5 16. Bd2 Qc8 17. c4 Nc7 18. Bb4 Re8 19. Rfd1 Ne6 20. Qe3 b6 21. c5 Qc7 22. Ra6 Reb8 23. Rda1 b5 24. Bd2 Qd7 25. Ba5 Qb7 26. Bc3 Qd7 27. b4 Rb7 28. Qe4 Rc8 29. h4 h5 30. Nd2 Bh6 31. Nb3 Rbc7 32. g3 Re8 33. Qf3 Bg7 34. Qe4 Bh6 35. f4 Kh7 36. Qf3 Rg8 37. Na5 Nd8 38. Kh2 Bg7 39. Nb3 Ne6 40. f5 Nd8 41. e6 Qe8 42. fxg6+ fxg6 43. Qe2 Qf8 44. Rf1 Bf6 45. Be5 Rc8 46. Rxa7 Rg7 47. Bxf6 exf6 48. e7 Qe8 49. Rxf6 Rf7 50. Nd4 1-0